Introduction a´l´ Intertextualité

Պահպանված է:
Մատենագիտական մանրամասներ
Հիմնական հեղինակ: Piégay-Gros, Nathalie
Ձևաչափ: Գիրք
Լեզու:Undetermined
Հրապարակվել է: París, Francia DUNOD 1996
Խորագրեր:
Ցուցիչներ: Ավելացրեք ցուցիչ
Չկան պիտակներ, Եղեք առաջինը, ով նշում է այս գրառումը!

MARC

LEADER 00000nam a2200000Ia 4500
008 170316s9999 xx 000 0 und d
090 |a 801 P-23.1i 
100 |a Piégay-Gros, Nathalie 
245 |a Introduction a´l´ Intertextualité 
260 |a París, Francia 
260 |b DUNOD 
260 |c 1996 
300 |a 186 páginas 
650 |a TEORÍA LITERARIA 
999 |c 20554  |d 20554 
040 |a cru BVZT 
942 |c 15 D  |h 801 P-23.1i  |2 z